00377nam a2200145Ia 4500008004100000040001900041041001200060082002000072245003800092260003600130300001900166650001700185651001100202850001800213131103s9999 xx 000 0 und d aLoreto College aEnglish a238/CALbLCLIB/ 2aA catechism of christian doctrine aCalcuttabCatholic Orphanc1933 a401p. c 20cm. aChristianity aCreeds aLCLIB/238/CAL